|
|
|
|
| LEADER |
01151nam a2200313 i 4500 |
| 001 |
40473 |
| 003 |
BD-DhAAL |
| 005 |
20230309101844.0 |
| 008 |
800115s1979 cau b 001 0 eng |
| 010 |
|
|
|a 79064667
|
| 020 |
|
|
|a 0520039750 (pbk.)
|
| 020 |
|
|
|a 0520039726
|
| 040 |
|
|
|a DLC
|c DLC
|d DLC
|d BD-DhAAL
|
| 050 |
0 |
0 |
|a HM24
|b .G446
|
| 082 |
0 |
0 |
|a 301
|2 23
|
| 100 |
1 |
|
|a Giddens, Anthony.
|
| 245 |
1 |
0 |
|a Central problems in social theory :
|b action, structure, and contradiction in social analysis /
|c Anthony Giddens.
|
| 260 |
|
|
|a Berkeley :
|b University of California Press,
|c c1979.
|
| 300 |
|
|
|a 294 pages ;
|c 23 cm.
|
| 504 |
|
|
|a Includes bibliographical references and index.
|
| 541 |
|
|
|a Donated By Akbar Ali Khan
|e 40473
|
| 650 |
|
0 |
|a Sociology.
|
| 650 |
|
0 |
|a Structuralism.
|
| 650 |
|
0 |
|a Functionalism (Social sciences).
|9 53821
|
| 650 |
|
0 |
|a Social sciences.
|
| 852 |
|
|
|a Ayesha Abed Library
|c Akbar Ali Khan Collection
|
| 942 |
|
|
|2 ddc
|c BK
|
| 999 |
|
|
|c 45575
|d 45575
|
| 952 |
|
|
|0 0
|1 0
|2 ddc
|4 0
|6 301_000000000000000_GID
|7 1
|9 73353
|a BRACUL
|b BRACUL
|c AAKC
|d 2023-03-09
|e Donated By Akbar Ali Khan
|l 0
|o 301 GID
|p 3010040473
|r 2023-03-09
|t 1
|w 2023-03-09
|y BK
|